Central Library OPAC University of Rajshahi

People's prison / (Record no. 4763)

MARC details
000 -LEADER
fixed length control field 00822cam a2200277 4500
001 - CONTROL NUMBER
control field 4763
003 - CONTROL NUMBER IDENTIFIER
rucl marc code BD-RjUL
005 - DATE AND TIME OF LATEST TRANSACTION
control field 20211208233942.0
008 - FIXED-LENGTH DATA ELEMENTS--GENERAL INFORMATION
fixed length control field 131223s1973 enk 000 0aeng
020 ## - INTERNATIONAL STANDARD BOOK NUMBER
International Standard Book Number 057110424X
035 ## - SYSTEM CONTROL NUMBER
System control number (BD-RjUL)4798
040 ## - CATALOGING SOURCE
Original cataloging agency DLC
Transcribing agency DLC
Modifying agency BD-RjUL
Language of cataloging eng
041 ## - LANGUAGE CODE
Language code of text/sound track or separate title eng
082 00 - DEWEY DECIMAL CLASSIFICATION NUMBER
Classification number 364.1540924
Author mark and year JAP 1973
100 1# - MAIN ENTRY--PERSONAL NAME
Personal name Jackson, Geoffrey
Dates associated with a name 1915-
9 (RLIN) 15023
245 10 - TITLE STATEMENT
Title People's prison /
Statement of responsibility, etc. Geoffrey Jackson,
260 ## - PUBLICATION, DISTRIBUTION, ETC. (IMPRINT)
Place of publication, distribution, etc. London :
Name of publisher, distributor, etc. Faber,
Date of publication, distribution, etc. c1973.
300 ## - PHYSICAL DESCRIPTION
Pagination 221 p. ;
Size 22 cm.
350 ## - PRICE (NR) (BK AM CF MU VM SE) [OBSOLETE]
Price £2.50
500 ## - GENERAL NOTE
General note Published in 1974 under title: Surviving the long night.
610 20 - SUBJECT ADDED ENTRY--CORPORATE NAME
Corporate name or jurisdiction name as entry element Movimiento de Liberación Nacional (Uruguay)
650 #0 - SUBJECT ADDED ENTRY--TOPICAL TERM
Topical term or geographic name as entry element Political prisoners
Geographic subdivision Uruguay
General subdivision Personal narratives.
9 (RLIN) 15025
942 ## - ADDED ENTRY ELEMENTS (KOHA)
Source of classification or shelving scheme Dewey Decimal Classification
Koha item type Books
Holdings
Lost status Source of classification or shelving scheme Damaged status Not for loan Collection code Permanent Location Current Location Shelving location Date acquired Source of acquisition Cost, normal purchase price Total Checkouts Full call number Date last seen Copy number Koha item type
  Dewey Decimal Classification   Not For Loan Fiction Central Library, University of Rajshahi Central Library, University of Rajshahi   03/06/1975 Gonathen 2.50   364.1540924 JAP 1973 23/12/2013 C-1 Books